Central Library OPAC University of Rajshahi

Nikita's childhood / (Record no. 24413)

MARC details
000 -LEADER
fixed length control field 00613nam a2200205 a 4500
001 - CONTROL NUMBER
control field 24413
003 - CONTROL NUMBER IDENTIFIER
rucl marc code BD-RjUL
005 - DATE AND TIME OF LATEST TRANSACTION
control field 20211209001040.0
008 - FIXED-LENGTH DATA ELEMENTS--GENERAL INFORMATION
fixed length control field 140313s1949 ur a j 00010 eng d
035 ## - SYSTEM CONTROL NUMBER
System control number (BD-RjUL)24479
040 ## - CATALOGING SOURCE
Original cataloging agency ACAE
Transcribing agency ACAE
Language of cataloging eng
041 1# - LANGUAGE CODE
Language code of text/sound track or separate title eng
Language code of original rus
082 00 - DEWEY DECIMAL CLASSIFICATION NUMBER
Classification number 491.786421
Author mark and year TON 1949
100 1# - MAIN ENTRY--PERSONAL NAME
Personal name Tolstoy, Aleksey Nikolayevich,
Dates associated with a name 1883-1945.
9 (RLIN) 70257
245 10 - TITLE STATEMENT
Title Nikita's childhood /
Statement of responsibility, etc. Alexei Tolstoi.
260 ## - PUBLICATION, DISTRIBUTION, ETC. (IMPRINT)
Place of publication, distribution, etc. Moscow :
Name of publisher, distributor, etc. Foreign Languages Publishing House,
Date of publication, distribution, etc. 1949.
300 ## - PHYSICAL DESCRIPTION
Pagination 135 p. :
Illustrations ill. ;
Size 23 cm.
650 ## - SUBJECT ADDED ENTRY--TOPICAL TERM
Topical term or geographic name as entry element Russian language
General subdivision Readers.
9 (RLIN) 23560
942 ## - ADDED ENTRY ELEMENTS (KOHA)
Source of classification or shelving scheme Dewey Decimal Classification
Koha item type Books
Holdings
Lost status Source of classification or shelving scheme Damaged status Not for loan Collection code Permanent Location Current Location Shelving location Date acquired Source of acquisition Total Checkouts Full call number Date last seen Copy number Koha item type
  Dewey Decimal Classification   Added to bundle Non-fiction Central Library, University of Rajshahi Central Library, University of Rajshahi Reading Room 24/09/1958 Council   491.786421 TON 1949 13/03/2014 C-1 Books